Sports Quiz

Random Sports or NFL Quiz

Multi-Category Blitz: NFL II Quiz Stats

 Plays Quiz not verified by Sporcle

Score 0/62 Timer 04:00
0 Plays Today
% Correct
Cincinnati Bengals
97.7%
Jacksonville Jaguars
95.9%
San Diego Chargers
95.4%
Arizona Cardinals
95.4%
Cleveland Browns
94.9%
Houston Texans
94.5%
Atlanta Falcons
94.4%
Carolina Panthers
94.4%
Minnesota Vikings
93.3%
Tennessee Titans
92.9%
Buffalo Bills
92.5%
Detroit Lions
90.1%
Brett Favre
84.9%
Drew Brees
83.7%
Barry Sanders
83.4%
Dan Marino
83.3%
Emmitt Smith
82.5%
Peyton Manning
80.7%
Jerry Rice
80.3%
Adrian Peterson
78.7%
Randy Moss
78.5%
Tom Brady
78.1%
Bill Belichick
77.2%
Terrell Owens
76.7%
Larry Fitzgerald
76.1%
Cris Carter
75.6%
Anquan Boldin
74.8%
Eric Dickerson
74.4%
Marvin Harrison
74.4%
Walter Payton
74.2%
Andre Johnson
73.6%
% Correct
Marshall Faulk
73.4%
Frank Gore
72.6%
Jerome Bettis
72.6%
John Elway
72.5%
Curtis Martin
72.1%
Reggie Wayne
71.8%
LaDainian Tomlinson
71.6%
Marcus Allen
71.4%
Edgerrin James
70.2%
Andre Reed
70.1%
Don Shula
69.6%
Steve Smith
69%
Tony Gonzalez
68.9%
Isaac Bruce
67.5%
Tim Brown
67.2%
Jim Brown
66.6%
Tony Dorsett
65.9%
Torry Holt
65.1%
Ben Roethlisberger
61.8%
Franco Harris
60.2%
Steve Largent
59.5%
Eli Manning
58.5%
Thurman Thomas
58.1%
Philip Rivers
56.1%
George Halas
54.4%
Curly Lambeau
54%
Tom Landry
51.4%
James Lofton
50.7%
Marty Schottenheimer
43.4%
Paul Brown
37.5%
Henry Ellard
31.5%

You're not logged in!

Compare scores with friends on all Sporcle quizzes.
OR
Log In

Sporcle TV

Today on Sporcle TV


Watch our educational content, quiz creation guides, and fun videos on Sporcle TV.

Show Comments

Extras

Top Quizzes Today


Score Distribution

Your Account Isn't Verified!

In order to create a playlist on Sporcle, you need to verify the email address you used during registration. Go to your Sporcle Settings to finish the process.

Report this User

Report this user for behavior that violates our Community Guidelines.

Details: